000 00253nam a2200097Ia 4500
008 220204s9999 xx 000 0 und d
082 _a35.078.2
_bKER
245 0 _aKerala Service rules.Pts i, ii, iii
260 _aCochin
_bSouthern Book
_c1975
942 _cBK
999 _c24191
_d24191